000 01892nam a2200589 i 4500
001 4578
003 KOSZ 005
005 20200422162940.0
008 970612s1991 pl a |001 0 pol
015 _aUWD 1991/4842
020 _a8301096861
035 _a991001801409705066
035 _a(PL-WaBN)b10506652-48omnis_nlop
035 _ab10506652
035 _a(OCoLC)749632005
035 _a(PL)b0000001050665
035 _a(EXLNZ-48OMNIS_NETWORK)9910277893405606
040 _aWA N
_cWA N
_dKOSZ 005/AR
041 _apol
044 _apl
080 _a631.4
080 _a546
080 _a(075.8)
245 0 0 _aAzot w glebach uprawnych :
_bpraca zbiorowa /
_cpod redakcją Teofila Mazura ; [zespół autorski Roman Czuba i inni].
260 _aWarszawa :
_bPaństwowe Wydawnicwo Naukowe,
_c1991.
300 _a239, [1] strona :
_bilustracje ;
_c24 cm.
336 _aTekst
_btxt
_2rdacontent
337 _aBez urządzenia pośredniczącego
_bn
_2rdamedia
338 _aWolumin
_bnc
_2rdacarrier
380 _aKsiążki
380 _aPublikacje dydaktyczne
388 _a1901-2000
388 _a1989-2000
504 _aBibliografia na stronach 219-235. Indeks.
650 7 _aAzot
_2DBN
650 7 _aBiochemia
650 7 _aGleba
650 7 _aChemia
650 7 _aGleboznawstwo
650 7 _aRolnictwo
650 7 _aAgrochemia
655 _aPodręczniki akademickie
658 _aChemia
658 _aOchrona środowiska
658 _aRolnictwo i leśnictwo
700 1 _aCzuba, Roman
_d(1928-2001)
_eAutor
700 1 _aMazur, Teofil
_d(1927- )
_eRedakcja
710 _4pbl
_aPaństwowe Wydawnictwo Naukowe
856 _uhttp://koha.tu.koszalin.pl/cgi-bin/koha/opac-detail.pl?biblionumber=4578
_yKatalog online BPK
942 _2UKD
_cKS
999 _c4578
_d4578